Beliefs | 0 | 3 | 2 | 1 | 20 | 118 | 125.67 | 0 | 1 |
| 0 | 2 | 0 | 1 | 20 | 110 | 121.00 | 0 | 0 |
Other Arts: Auditory | 0 | 1 | 0 | 0 | 10 | 89 | 89.00 | 0 | 1 |
Other Arts: Visual | 0 | 1 | 0 | 0 | 10 | 112 | 112.00 | 0 | 1 |
History - American History | 0 | 1 | 0 | 0 | 10 | 109 | 109.00 | 0 | 1 |
Geography | 0 | 1 | 0 | 0 | 10 | 67 | 67.00 | 1 | 1 |
Science - Chemistry | 0 | 1 | 0 | 0 | 10 | 127 | 127.00 | 0 | 0 |
Science - Biology | 0 | 1 | 0 | 1 | 10 | 140 | 140.00 | 0 | 0 |
Literature - European Literature | 0 | 1 | 0 | 1 | 10 | 150 | 150.00 | 0 | 0 |
Philosophy | 0 | 1 | 0 | 1 | 10 | 106 | 106.00 | 0 | 0 |
Fine Arts - Auditory Fine Arts | 0 | 0 | 0 | 0 | 0 | | 0.00 | 0 | 0 |
History - European History | 0 | 0 | 0 | 0 | 0 | | 0.00 | 0 | 0 |
Science - Physics | 0 | 0 | 0 | 0 | 0 | | 0.00 | 0 | 0 |
Social Science | 0 | 1 | 2 | 0 | 0 | 101 | 101.00 | 0 | 1 |
History - World History | 0 | 0 | 1 | 0 | -5 | | 0.00 | 0 | 0 |
Fine Arts - Visual Fine Arts | 0 | 0 | 1 | 0 | -5 | | 0.00 | 0 | 0 |
Other Academic | 0 | 0 | 1 | 0 | -5 | | 0.00 | 0 | 0 |
Literature - American Literature | 0 | 0 | 1 | 0 | -5 | | 0.00 | 0 | 0 |